MARC

LEADER 00000nas a2200000 a 4500
001 ssj0001915
003 WaSeSS
005 20200512172242.0
006 m d
007 cr n
008 910319c19909999xnatr p s 0 0eng c
010 |a  91649963   |z sn 91037155  
016 7 |a 9425670  |2 DNLM 
016 7 |a SR0070873  |2 DNLM 
016 7 |a 010472035  |2 Uk 
016 |a (AMICUS)000010493678 
022 |l 1035-8811  |y 1035-8811 
030 |a AJANE6 
035 |a (WaSeSS)ssj0001915 
040 |a EUN  |b eng  |c EUN  |d PIT  |d NST  |d HUL  |d CAS  |d ELM  |d DLC  |d WAU  |d NST  |d DLC  |d NST  |d IUL  |d NLM  |d IUL  |d CUS  |d SYS  |d OCLCQ  |d WAU  |d LVB  |d CUS  |d OCLCQ  |d HUL  |d UKMGB  |d OCLCQ  |d OCLCF  |d OCLCO  |d IUL  |d OCLCQ  |d OCLCO  |d AUNTL  |d OCLCA  |d NLC  |d OCLCA  |d L2U  |d WaSeSS 
042 |a pcc 
050 0 0 |a GN1  |b .A96 
060 0 0 |a W1  |b AU554D 
082 0 0 |a 301/.05  |2 20 
210 0 |a Aust. j. anthropol. 
210 1 0 |a Aust J Anthropol 
222 0 |a Australian journal of anthropology 
245 0 4 |a The Australian journal of anthropology  |h [electronic resource]. 
246 1 3 |a TAJA 
260 |a Sydney :  |b Anthropological Society of New South Wales,  |c ©1990- 
310 |a Three no. a year 
362 0 |a 1990, 1:1- 
500 |a Title from cover. 
506 |a License restrictions may limit access. 
515 |a Some issues also called "Special issue" with separate enumeration. 
550 |a Issued by: The Australian Anthropological Society, 1997- 
555 |a Vols. 1 (1990)-6 (1995), in v. 7, no. 1. 
588 |a Latest issue consulted: 18:2 (2007). 
588 |a Latest issue consulted: 1991, 2:3. 
650 0 |a Anthropology  |v Periodicals. 
650 2 |a Anthropology. 
650 6 |a Anthropologie  |v Périodiques. 
650 6 |a Ethnologie  |v Périodiques. 
650 7 |a 73.00 ethnology: general.  |0 (NL-LeOCL)077610350  |2 bcl 
650 7 |a 42.85 physical anthropology.  |0 (NL-LeOCL)077603567  |2 bcl 
650 7 |a Anthropology.  |2 fast  |0 (OCoLC)fst00810196 
655 0 |a Electronic journals. 
710 2 |a Anthropological Society of New South Wales. 
710 2 |a Australian Anthropological Society. 
780 0 0 |t Mankind  |x 0025-2328  |w (DLC) 47036749  |w (OCoLC)1756646 
850 |a AU  |a AzTeS  |a CU-I  |a CU-Riv  |a CU-SB  |a CoU  |a DLC  |a DNLM  |a ICarbS  |a IaU  |a InU  |a KyU  |a MH-P  |a MiU  |a MnU  |a MoU  |a NN  |a NSyU  |a NcD  |a NmU  |a OCU  |a OrCS  |a PPiU  |a PU  |a RPB  |a TU  |a TxHR  |a ViBlbV  |a WaU 
853 3 3 |8 1  |a v.  |b no.  |i (year) 
856 4 0 |z Full text available from Research Library: 05/01/1996 to 04/30/2010  |u https://search.proquest.com/publication/30260 
863 4 0 |8 1  |a <1>-  |i <1990>-  |x provisional